000 00547nam a22001697a 4500
003 SISC
005 20170629141201.0
008 170629b xxu||||| |||| 00| 0 eng d
020 _a9789719804376
050 _aHF 5689.P255
_b.Ad38 2016
100 _aAduana, Nick L.
245 _aPartnership and corporation accounting (a procedural approach) /
_cNick L. Aduana.
260 _aQuezon City :
_bC & E Publishing, Inc.,
_c2016.
300 _axi, 388 pages ;
_c28 cm.
500 _aIncludes bibliographical references and index.
942 _2lcc
_cBK
999 _c335257
_d335257